Znamení v nás /

Hlavní autor: Vostrá, Markéta
Jazyk: Čeština
Vydáno: [Praha] : Meduňka, c2012
Vydání: Vyd. 1.
Edice: Knihovnička Meduňky
Témata:
Fyzický popis: 195 s. ; 21 cm
Knihy
Uloženo v:
LEADER 01620nam a2200505 a 4500
001 nkc20122370807
003 CZ PrNK
005 20120711164038.0
007 ta
008 120530s2012 xr e f 000 0 cze
015 |a cnb002370807 
020 |a 978-80-904750-7-6  |q (brož.)  |z 9788090475076 :  |c Kč 75,00 
035 |a (OCoLC)806199719 
040 |a OLA001  |b cze  |d ABA001 
072 7 |a 133  |x Ezoterismus. Okultismus  |2 Konspekt  |9 17 
080 |a 133.522.6  |2 MRF 
080 |a 133.522.2  |2 MRF 
080 |a 133.526  |2 MRF 
080 |a 133.52  |2 MRF 
080 |a (0.062)  |2 MRF 
080 |a (0:82-32)  |2 MRF 
100 1 |a Vostrá, Markéta  |7 js20050801018  |4 aut 
245 1 0 |a Znamení v nás /  |c Markéta Vostrá 
250 |a Vyd. 1. 
260 |a [Praha] :  |b Meduňka,  |c c2012 
300 |a 195 s. ;  |c 21 cm 
490 1 |a Knihovnička Meduňky,  |x 1804-655X ;  |v sv. 14 
650 0 7 |a astrologické domy  |7 ph139093  |2 czenas 
650 0 7 |a zvěrokruh  |7 ph116791  |2 czenas 
650 0 7 |a horoskopy  |7 ph114697  |2 czenas 
650 0 7 |a astrologie  |7 ph114086  |2 czenas 
650 0 9 |a astrological houses  |2 eczenas 
650 0 9 |a zodiac  |2 eczenas 
650 0 9 |a horoscopes  |2 eczenas 
650 0 9 |a astrology  |2 eczenas 
655 7 |a populárně-naučné publikace  |7 fd131864  |2 czenas 
655 7 |a příběhy  |7 fd133204  |2 czenas 
655 9 |a popular works  |2 eczenas 
655 9 |a stories  |2 eczenas 
830 0 |a Knihovnička Meduňky  |0 s 
910 2 |a BOA001  |b 2-1280.946 
990 |a BK 
995 |a 01 
991 |b 201206  |c NOV  |e n 
996 6 |b 2610513660  |c 2-1280.946  |l MZK  |r Sklad / do 1 hodiny  |n 2  |p p.v.  |w 001254715  |u 000010  |a 1  |e BOA001  |j MZK50  |s P